000 04995cam a2200385 i 4500
999 _c9316
_d9316
001 1011175969
003 OCoLC
005 20241126110709.0
008 180312t20182018ilu b 001 0 eng
010 _a2018011458
020 _a9780830852000
020 _a083085200X
035 _a(OCoLC)1011175969
040 _aDLC
_beng
_erda
_cDLC
_dKTS
_dOCLCQ
_dYDX
_dOCLCO
_dOCLCQ
_dWIO
_dCNTCS
_dOCLCF
_dIHT
_dVVN
_dOCLCA
_dBYV
042 _apcc
050 0 0 _aBS658
_b.L66 2018
082 _a222.1106
_bLON
100 1 _aLongman, Tremper,
_cIII,
_eauthor
_914462
245 1 4 _aThe lost world of the flood :
_bmythology, theology, and the deluge debate /
_cTremper Longman III & John H. Walton ; with a contribution by Stephen O. Moshier
264 1 _aDowners Grove, Illinois :
_bIVP Academic, an imprint of InterVarsity Press,
_c[2018]
264 4 _c℗♭2018
300 _ax, 189 pages ;
_c21 cm
336 _atext
_btxt
_2rdacontent
337 _aunmediated
_bn
_2rdamedia
338 _avolume
_bnc
_2rdacarrier
504 _aIncludes bibliographical references and indexes
505 0 _aPart I: Method: Perspectives on Interpretation. Proposition 1: Genesis Is an Ancient Document; Proposition 2: Genesis 1-11 Makes Claims About Real Events in a Real Past ; Proposition 3: Genesis Uses Rhetorical Devices; Proposition 4: The Bible Uses Hyperbole to Describe Historical Events; Proposition 5: Genesis Appropriately Presents a Hyperbolic Account of the Flood; Proposition 6: Genesis Depicts the Flood as a Global Event -- Part II: Background: Ancient Near Eastern Texts. Proposition 7: Ancient Mesopotamia Also Has Stories of a Worldwide Flood; Proposition 8: The Biblical Flood Story Shares Similarities and Differences with Ancient Near Eastern Flood Accounts -- Part III: Text: Understanding the Biblical Text Literarily and Theologically. Proposition 9: A Local Cataclysmic Flood Is Intentionally Described as a Global Flood for Rhetorical Purposes; Proposition 10: The Flood Account Is Part of a Sequence of Sin and Judgment Serving as Backstory for the Covenant; Proposition 11: The Theological History Is Focused on the Issue of Divine Presence, the Establishment of Order, and How Order Is Undermined; Proposition 12: The zSons of Gody Episode Is Not Only a Prelude to the Flood; It Is the Narrative Sequel to Cain and Abel; Proposition 13: The Tower of Babel (Genesis 11:1-9) Is an Appropriate Conclusion to the Primeval Narrative -- Part IV: The World: Thinking About Evidence for the Flood. Proposition 14: The Flood Story Has a Real Event Behind It; Proposition 15: Geology Does Not Support a Worldwide Flood (Steve Moshier); Proposition 16: Flood Stories from Around the World Do Not Prove a Worldwide Flood; Proposition 17: zScience Can Purify Our Religion; Religion Can Purify Science from Idolatry and False Absolutesy
520 _aThe flood continued forty days on the earth; and the waters increased, and bore up the ark, and it rose high above the earth . . . and the ark floated on the face of the waters" (Gen 6:17-18 NRSV). In our modern age the Genesis flood account has been probed and analyzed for answers to scientific, apologetic, and historical questions. It is a text that has called forth flood geology, fueled searches for remnants of the ark on Mount Ararat, and inspired a full-size replica of Noah's ark in a biblical theme park. Some claim that the very veracity of Scripture hinges on a particular reading of the flood narrative. But do we understand what we are reading? Longman and Walton urge us to hit the pause button and ask, what might the biblical author have been saying to his ancient audience? The answer to our quest to rediscover the biblical flood requires that we set aside our own cultural and interpretive assumptions and visit the distant world of the ancient Near East. Responsible interpretation calls for the patient examination of the text within its ancient context of language, literature, and thought structures. And as we return from that lost world to our own, we will need to ask whether geological science supports the notion of flood geology. The story of Noah and the flood will continue to invite questions and explorations. But to read Longman and Walton is put our feet on firmer interpretive ground. Without attempting to answer all of our questions, they lift the fog of modernity and allow the sunlight to reveal the true contours of the text. As with other books in the Lost World series, The Lost World of the Flood is an informative and enlightening journey toward a more responsible reading of a timeless biblical narrative
630 0 0 _aBible.
_pGenesis, I-XI
_xCriticism, interpretation, etc
_93372
650 0 _aDeluge
_92455
700 1 _aWalton, John H.,
_d1952-
_eauthor
_91492
700 1 _aMoshier, Stephen O.,
_d1955-
_econtributor
_916233
776 0 8 _iOnline version:
_aLongman, Tremper.
_tLost world of the flood.
_dDowners Grove : InterVarsity Press, 2018
_z9780830887828
_w(DLC) 2018012610
942 _2ddc
_cBK
_06